000 00489nam a2200169Ia 4500
999 _c12882
_d12882
003 OSt
005 20201116095122.0
008 190216s9999||||xx |||||||||||||| ||und||
040 _coclc
082 _a428.20245
_bTHO/S
100 _aThornley, G C
_96293
245 0 _aScientific English Practice /
_cG C Thornley
260 _bLongmans,
_c1970.
_aNew delhi;
300 _a147p
650 _aEnglish Stories
942 _cBK
_2ddc
_h428.20295
_iTHO/S
_k428.20295
_mTHO/S